Online
Catalog

Introducción al lenguaje demográfico / (Record no. 28498)

MARC details
000 -CABECERA
campo de control de longitud fija 00978nam a2200229 a 4500
001 - NÚMERO DE CONTROL
campo de control 000029006
005 - FECHA Y HORA DE LA ÚLTIMA TRANSACCIÓN
campo de control 20200930055254.0
008 - DATOS DE LONGITUD FIJA--INFORMACIÓN GENERAL
campo de control de longitud fija 110208s2000 dr a 000 0 spa d
040 ## - FUENTE DE LA CATALOGACIÓN
Centro catalogador/agencia de origen DO-SdBNP
Lengua de catalogación spa
Centro/agencia transcriptor BNPHU
082 ## - NÚMERO DE LA CLASIFICACIÓN DECIMAL DEWEY
Número de clasificación 304.6
Número de documento/Ítem R696i
049 ## - FONDOS LOCALES (OCLC)
Fondos de biblioteca BNPD
100 1# - ENTRADA PRINCIPAL--NOMBRE DE PERSONA
Nombre de persona Rodríguez Sepúlveda, Bienvenida
9 (RLIN) 51155
245 10 - MENCIÓN DE TÍTULO
Título Introducción al lenguaje demográfico /
Mención de responsabilidad, etc. Bienvenida Rodríguez Sepúlveda, Ramón Orlando Jiménez Pérez, Juan Antonio Cruz Triffolio.
250 ## - MENCIÓN DE EDICIÓN
Mención de edición 2a ed.
260 ## - PUBLICACIÓN, DISTRIBUCIÓN, ETC.
Lugar de publicación, distribución, etc. Santo Domingo :
Nombre del editor, distribuidor, etc. Secretaría de Estado de Salud Pública y Asistencia Social ;
-- Consejo Nacional de Población y Familia (CONAPOFA),
Fecha de publicación, distribución, etc. 2000
Fabricante Editorial el Nuevo Diario
300 ## - DESCRIPCIÓN FÍSICA
Extensión 51 P. :
Otras características físicas il. ;
Dimensiones 22 cm.
490 1# - MENCIÓN DE SERIE
Mención de serie Cuadernos de Población y Familia
Designación de volumen o secuencia no. 1
650 #4 - PUNTO DE ACCESO ADICIONAL DE MATERIA--TÉRMINO DE MATERIA
Término de materia o nombre geográfico como elemento de entrada Demografía
Subdivisión general Terminología
9 (RLIN) 51156
700 1# - PUNTO DE ACCESO ADICIONAL--NOMBRE DE PERSONA
Nombre de persona Jiménez Pérez, Ramón Orlando
9 (RLIN) 55930
700 1# - PUNTO DE ACCESO ADICIONAL--NOMBRE DE PERSONA
Nombre de persona Cruz Triffolio, Juan Antonio
9 (RLIN) 55931
830 #0 - PUNTO DE ACCESO ADICIONAL DE SERIE-TÍTULO UNIFORME
Título uniforme Cuadernos de Población y Familia
Número de parte o sección de la obra no. 1
9 (RLIN) 51157
Holdings
Estado de retiro Estado de pérdida No para préstamo Código de colección Localización permanente Ubicación/localización actual Ubicación en estantería Fecha de adquisición Número de inventario Total de préstamos Signatura topográfica completa Código de barras Fecha visto por última vez Precio válido a partir de Tipo de ítem Koha
      Patrimonio Dominicano Patrimonio Dominicano Patrimonio Dominicano Orden iniciada 13.04.2011 LF1   304.6 R696i 29006-10 25.06.2020 25.06.2020 Libro y Folleto Colección Patrimonio Dominicano

Powered by Koha